[Event "Wch U12"]
[Site "Batumi"]
[Date "2022.09.27"]
[Round "11"]
[White "Borizov, Rustam"]
[Black "George Samir, David"]
[Result "1/2-1/2"]
[WhiteElo "1476"]
[BlackElo "1818"]
[PlyCount "54"]
[EventDate "2022.09.16"]
[EventType "swiss"]
[EventRounds "11"]
[EventCountry "GEO"]
[SourceTitle "EXT 2023"]
[Source "ChessBase"]
[SourceDate "2022.10.05"]
[SourceVersion "1"]
[SourceVersionDate "2022.10.05"]
[SourceQuality "1"]

1. d4 Nf6 2. Nf3 e6 3. g3 d5 4. Bg2 c5 5. c4 dxc4 6. Na3 Nc6 7. Nxc4 cxd4 8. 0-0 Bc5 9. a3 a5 10. b3 0-0 11. Bb2 Rb8 12. Rc1 Ba7 13. Qd3 Re8 14. Nfe5 Ne7 15. Rfd1 b5 16. Nd2 Bb7 17. Bxb7 Rxb7 18. Ndf3 Qd5 19. b4 axb4 20. axb4 h6 21. Bxd4 Bxd4 22. Qxd4 Qxd4 23. Nxd4 Ned5 24. Rc5 Ne4 25. Rxb5 Rxb5 26. Nxb5 Rb8 27. Nd4 Rxb4 1/2-1/2

[Event "Wch U12"]
[Site "Batumi"]
[Date "2022.09.21"]
[Round "6"]
[White "Azoulay, Yehonatan"]
[Black "Borizov, Rustam"]
[Result "1-0"]
[WhiteElo "1765"]
[BlackElo "1476"]
[PlyCount "43"]
[EventDate "2022.09.16"]
[EventType "swiss"]
[EventRounds "11"]
[EventCountry "GEO"]
[SourceTitle "EXT 2023"]
[Source "ChessBase"]
[SourceDate "2022.10.05"]
[SourceVersion "1"]
[SourceVersionDate "2022.10.05"]
[SourceQuality "1"]

1. e4 c5 2. Nf3 Nc6 3. Bb5 g6 4. 0-0 Bg7 5. c3 e5 6. d4 cxd4 7. cxd4 Nxd4 8. Nxd4 exd4 9. Bf4 Ne7 10. Bd6 0-0 11. Na3 Re8 12. Rc1 Nc6 13. Bc4 a6 14. f4 Bf8 15. e5 Bxd6 16. exd6 Qf6 17. f5 g5 18. Qh5 Ne5 19. Bd5 Nd3 20. h4 h6 21. hxg5 hxg5 22. Qd1 1-0

[Event "Wch U12"]
[Site "Batumi"]
[Date "2022.09.19"]
[Round "4"]
[White "Temirbekov, Taimaz"]
[Black "Borizov, Rustam"]
[Result "1/2-1/2"]
[WhiteElo "2042"]
[BlackElo "1476"]
[PlyCount "105"]
[EventDate "2022.09.16"]
[EventType "swiss"]
[EventRounds "11"]
[EventCountry "GEO"]
[SourceTitle "EXT 2023"]
[Source "ChessBase"]
[SourceDate "2022.10.05"]
[SourceVersion "1"]
[SourceVersionDate "2022.10.05"]
[SourceQuality "1"]

1. e4 c5 2. Nf3 Nc6 3. Bb5 g6 4. 0-0 Bg7 5. c3 e5 6. d4 exd4 7. cxd4 Nxd4 8. Nxd4 cxd4 9. Bf4 Ne7 10. Bd6 Qb6 11. Bxe7 Kxe7 12. Na3 Rd8 13. Bc4 Kf8 14. Bd5 d6 15. Qf3 Qc7 16. Rac1 Qe7 17. Nb5 Qf6 18. Qa3 Be6 19. Bxb7 Rab8 20. Qxa7 d3 21. Rc7 Qxb2 22. a4 d2 23. Bd5 Bxd5 24. exd5 Ra8 25. Qe3 Re8 26. Qf3 Bf6 27. Qd1 Re1 28. Rxe1 dxe1Q+ 29. Qxe1 Rxa4 30. Nc3 Ra1 31. Nd1 Qb1 32. Rxf7+ Kxf7 33. Qe6+ Kg7 34. Qd7+ Kh6 35. Qh3+ Kg5 36. Qe3+ Kh5 37. Qf3+ Kh6 38. Qh3+ Kg5 39. Qe3+ Kf5 40. Qe6+ Kg5 41. Qe3+ Kh5 42. Qf3+ Kh6 43. Qh3+ Kg7 44. Qd7+ Kf8 45. Qc8+ Ke7 46. Qe6+ Kd8 47. Qxf6+ Kc7 48. Qe7+ Kc8 49. Qe8+ Kb7 50. Qd7+ Ka6 51. Qc6+ Qb6 52. Qa8+ Qa7 53. Qc6+ 1/2-1/2